Historia de la teoría Política (Record no. 45867)

MARC details
000 -LEADER
fixed length control field 00826nam a22002297a 4500
005 - DATE AND TIME OF LATEST TRANSACTION
control field 20240226145936.0
008 - FIXED-LENGTH DATA ELEMENTS--GENERAL INFORMATION
fixed length control field 101126t mx ||||| |||| 00| 0 spa d
020 ## - INTERNATIONAL STANDARD BOOK NUMBER
International Standard Book Number 9789681641993
050 04 - LIBRARY OF CONGRESS CALL NUMBER
Classification number JA81
Item number S23 1994
100 1# - MAIN ENTRY--PERSONAL NAME
Personal name Sabine, George H.
240 10 - UNIFORM TITLE
Uniform title A history of political theory.
Language of a work Español.
245 10 - TITLE STATEMENT
Title Historia de la teoría Política
Statement of responsibility, etc / George H. Sabine ; revisada por Thomas Landon Thorson ; [traducción de Vicente Herrero].
250 ## - EDITION STATEMENT
Edition statement 3a ed.
Remainder of edition statement corregida y aum.
260 ## - PUBLICATION, DISTRIBUTION, ETC. (IMPRINT)
Place of publication, distribution, etc México :
Name of publisher, distributor, etc Fondo de Cultura Económica,
Date of publication, distribution, etc 1994
300 ## - PHYSICAL DESCRIPTION
Extent 697 p. ;
Dimensions 23 cm.
490 0# - SERIES STATEMENT
Series statement Política y Derecho
504 ## - BIBLIOGRAPHY, ETC. NOTE
Bibliography, etc Incluye bibliografía e índice
650 #7 - SUBJECT ADDED ENTRY--TOPICAL TERM
Source of heading or term lemb
Topical term or geographic name as entry element Ciencias politicas
General subdivision Historia
700 1# - ADDED ENTRY--PERSONAL NAME
Personal name Thorson, Thomas Landon,
Relator term revisor
700 1# - ADDED ENTRY--PERSONAL NAME
Personal name Herrero, Vicente,
Relator term traductor
942 ## - ADDED ENTRY ELEMENTS (KOHA)
Source of classification or shelving scheme Biblioteca del Cogreso de los Estados Unidos
Koha item type Libro
Holdings
Estado de pérdida Fuente de clasificación Estado del daño No para préstamo Ubicación permanente Ubicación actual Apartado o colección Fecha de adquisición Edición Dependencia de educación superior (DES) Área del conocimiento Clasificación Código de Barras Date last seen Número de copia Costo por reposición Tipo de recurso Nota pública Fuente de adquisición
  Biblioteca del Cogreso de los Estados Unidos     Biblioteca de la Facultad de Derecho y Ciencias Sociales "Felipe J. Tena" Biblioteca de la Facultad de Derecho y Ciencias Sociales "Felipe J. Tena" General 15/07/2014 3a ed. Derecho Ciencias Sociales y Administrativas JA81 S23 r2013 BFD000005289 16/01/2015 1 1.00 Libro Duodécima reimpresión  
  Biblioteca del Cogreso de los Estados Unidos   Uso interno Biblioteca Biblioteca de la Facultad de Economía Biblioteca de la Facultad de Economía General 26/02/2024 3a ed. Ciencias Económico Administrativas Ciencias Sociales y Administrativas JA81 S23 r2010 BFE000005950 26/11/2013 1 1.00 Libro    
  Biblioteca del Cogreso de los Estados Unidos     Biblioteca del Instituto de Investigaciones Económicas y Empresariales Biblioteca del Instituto de Investigaciones Económicas y Empresariales General 06/08/2014       JA81 S23 r2010 IIE000002549 16/01/2015 1   Libro    
  Biblioteca del Cogreso de los Estados Unidos     Biblioteca del Instituto de Investigaciones Económicas y Empresariales Biblioteca del Instituto de Investigaciones Económicas y Empresariales General 06/08/2014       JA81 S23 r2010 IIE000002550 16/01/2015 2   Libro    
  Biblioteca del Cogreso de los Estados Unidos     Biblioteca del Instituto de Investigaciones Económicas y Empresariales Biblioteca del Instituto de Investigaciones Económicas y Empresariales General 15/04/2021 3a ed.   Ciencias Sociales y Administrativas JA81 S23 r2019 IIE000006712 15/04/2021 1 228.00 Libro 14a. reimpresión Unidad Académica